00316nam a2200121Ia 4500008004000000082001600040100001700056245003900073250000500112260004200117300001000159650002500169210210b1975 xxu||||| |||| 00| 0 eng d a181.48 BHAS aBHATT (S R). aStudies in Ramanuja vedanta. Ed 1. a aNew Delhi.bHeritage Publishersc1975 ax,200 aRamanuja Vedanta